000 00669nam a2200217Ia 4500
003 OSt
005 20220926043807.0
006 a|||||r|||| 00| 0
007 ta
008 220923b |||||||| |||| 00| 0 eng d
037 _cGeneral Book
040 _aRTL
_cRTL
_beng
041 _2eng
_aeng
082 _aY33:3:7:3CM:N5
100 _aGlass Ruth Ed.
_9348228
245 0 _aSocial background of a plan
_b A study of middlesbro
490 _aInternational Library of Sociology and Social Reconstruction. Ed by Karl Mannheim
650 _aUrban Sociology
_934088
942 _hY33:3:7:3CM:N5
_cGB
_2CC
999 _c673188
_d673188